| 000 | 00716nam a2200229Ia 4500 | ||
|---|---|---|---|
| 005 | 20260601193235.0 | ||
| 008 | 260601s9999||||xx |||||||||||||| ||und|| | ||
| 020 |
_a978-3-031-56998-2 _qebk |
||
| 100 | _aSanjaya Kumar Panda | ||
| 245 | 0 | _aComputing, Communication and Learning | |
| 250 | _a2024 | ||
| 260 |
_aHeidelberg, Germany _bSpringer Nature _c2024 |
||
| 440 | _aCommunications in Computer and Information Science | ||
| 650 | _aComputer Science | ||
| 700 | _aKuan-Ching Li | ||
| 700 | _aManjubala Bisi | ||
| 700 | _aRashmi Ranjan Rout | ||
| 700 | _aRavi Chandra Sadam | ||
| 700 | _aVincenzo Piuri | ||
| 856 | _uhttps://link.springer.com/openurl?genre=book&isbn=978-3-031-56998-2 | ||
| 942 |
_cEB _2ddc |
||
| 999 |
_c56211 _d56211 |
||